| 000 | 01277nam a22003137i 4500 | ||
|---|---|---|---|
| 999 |
_c23037 _d23037 |
||
| 003 | AR-CdUCM | ||
| 008 | 240913b20122012 pe||||| |||| 00| 0 spa d | ||
| 020 | _a978-612--4168-36-9 | ||
| 040 |
_aMUNICIPALIDAD PROVINCIAL DEL CUSCO _cBIBLIOTECA MUNICIPAL DEL CUSCO |
||
| 041 | _hspa | ||
| 082 |
_a627.1 / M63 _bM63 |
||
| 100 |
_aMiranda Zea, Norberto _950358 |
||
| 245 | _aTecnología de aguas tratamiento y control de calidad / | ||
| 260 |
_aPuno : _bUniversidad Nacional del Altiplano _c2012 |
||
| 300 |
_a210 páginas. : _c21 cm. |
||
| 500 | _zBibliografía: páginas 200-201. | ||
| 505 | _aPropiedades físicas del agua -- Criterios de calidad de agua -- Examen de las aguas y aguas residuales -- Análisis de muestras de agua y aguas residuales -- Normas de calidad del agua -- Análisis de agua y su interpretación parámetros. | ||
| 650 |
_aEstructura molecular del agua _950359 |
||
| 650 |
_aAbsorción y transferencia de calor _950360 |
||
| 650 |
_aAguas de balnearios _950361 |
||
| 650 |
_a Aguas potables _950362 |
||
| 650 |
_aOxígeno disuelto _950363 |
||
| 650 |
_aSalinidad _950364 |
||
| 650 |
_aAlcalinidad _950365 |
||
| 650 |
_aGrupo del nitrógeno _950366 |
||
| 650 |
_aAcidez del agua _950367 |
||
| 942 |
_2ddc _cLIBROS |
||
| 945 |
_apbj _d2024-09-13 |
||